Guía teórica y práctica de derecho procesal del trabajo y de la seguridad social actualizado con las leyes 712 de 2001 y 1149 de 2007 y 1395 de 2010, que modificaron el código procesal laboral y de la seguridad social, las incidencias de la ley 794/2003, que modificó el código procesal civil y jurisprudencia. (Registro nro. 39078)

Detalles MARC
000 -ENCABEZADO
Número de control [NR] 01450nam a2200325Ia 4500
005 - FECHA Y HORA DE LA ÚLTIMA TRANSACCIÓN
control field 20211105120405.0
008 - DE LONGITUD FIJA DE DATOS DE ELEMENTOS - INFORMACIÓN GENERAL
Elementos de longitud fija [NR] 131114s2016 ck frn 000 0 spa d
020 ## - NUMERO INTERNACIONAL NORMALIZADO PARA LIBROS [R]
ISBN Cancelado/ Invalidado [R] 9789587490800
-- 9789588381312
-- 958819265x
020 ## - NUMERO INTERNACIONAL NORMALIZADO PARA LIBROS [R]
Número Internacional Normalizado del libro [NR] 9789587494310 (6a.Ed.)
020 ## - NUMERO INTERNACIONAL NORMALIZADO PARA LIBROS [R]
Número Internacional Normalizado del libro [NR] 9789587492514 (5a.Ed.)
040 ## - FUENTE DE CATALOGACION [NR]
Agencia de catalogación original [NR] Co-BoUCM
Idioma de catalogación [NR] spa
Quien Cataloga Saul Niño (Modificó)
Quien Clasifica [Nuevo]
041 00 - CODIGO DE IDIOMA [R]
Código de idioma para texto/pista de sonido o título separado [R] Español
100 1# - ASIENTO PRINCIPAL--NOMBRE PERSONAL [NR]
Nombre personal [NR] Botero Zuluaga, Gerardo
ID Autoridad 50490
245 10 - MENCION DE TITULO [NR]
Título [NR] Guía teórica y práctica de derecho procesal del trabajo y de la seguridad social actualizado con las leyes 712 de 2001 y 1149 de 2007 y 1395 de 2010, que modificaron el código procesal laboral y de la seguridad social, las incidencias de la ley 794/2003, que modificó el código procesal civil y jurisprudencia.
Mención de responsabilidad, etc. [NR] Gerardo Botero Zuluaga
250 ## - MENCION DE EDICION [NR]
Mención de edición [NR] Sexta edición
260 ## - PUBLICACION, DISTRIBUCION, ETC. (PIE DE IMPRENTA) [R]
Lugar de publicación, distribución, etc. [R] Bogotá (Colombia)
Nombre del editor, distribuidor, etc. [R] Ediciones Jurídicas Gustavo Ibáñez
Fecha de publicación, distribución, etc. [R] 2016
300 ## - DESCRIPCION FISICA [R]
Extensión [R] 732 páginas
504 ## - NOTA DE BIBLIOGRAFIA, ETC. [R]
Nota de bibliografía, etc. [NR] Incluye referencias bibliográficas
630 ## - ASIENTO SECUNDARIO DE MATERIA - TITULO UNIFORME [R]
Título uniforme [NR] Ley 1149 de 2007
9 (RLIN) 6466
630 ## - ASIENTO SECUNDARIO DE MATERIA - TITULO UNIFORME [R]
Título uniforme [NR] Ley 1395 de 2010
9 (RLIN) 6525
630 ## - ASIENTO SECUNDARIO DE MATERIA - TITULO UNIFORME [R]
Título uniforme [NR] Ley 712 de 2001
9 (RLIN) 6879
630 ## - ASIENTO SECUNDARIO DE MATERIA - TITULO UNIFORME [R]
Título uniforme [NR] Ley 794 de 2003
9 (RLIN) 6918
650 04 - ASIENTO SECUNDARIO DE MATERIA - TERMINO TEMATICO [R]
Término temático o nombre geográfico como elemento de entrada [NR] Conflictos laborales
Subdivisión geográfica [R] Colombia
9 (RLIN) 11590
650 04 - ASIENTO SECUNDARIO DE MATERIA - TERMINO TEMATICO [R]
Término temático o nombre geográfico como elemento de entrada [NR] Derecho laboral
9 (RLIN) 12787
650 04 - ASIENTO SECUNDARIO DE MATERIA - TERMINO TEMATICO [R]
Término temático o nombre geográfico como elemento de entrada [NR] Derecho laboral
Subdivisión geográfica [R] Colombia
9 (RLIN) 12790
650 04 - ASIENTO SECUNDARIO DE MATERIA - TERMINO TEMATICO [R]
Término temático o nombre geográfico como elemento de entrada [NR] Procedimiento laboral
Subdivisión geográfica [R] Colombia
9 (RLIN) 7970
650 04 - ASIENTO SECUNDARIO DE MATERIA - TERMINO TEMATICO [R]
Término temático o nombre geográfico como elemento de entrada [NR] Seguridad social
Subdivisión geográfica [R] Colombia
9 (RLIN) 24118
942 ## - ELEMENTOS DE ENTRADA AGREGADOS (KOHA)
Tipo de ítem principal el descrito en 300a Libro
Sistema de clasificación DEWEY
Tema principal Derecho
Edición 6
Clasificación 344.01
Parte restante de la signatura top. B748g
Existencias
Fecha de último préstamo Total préstamos Total Renewals Signatura topográfica Código de barras Última vez visto Volúmen / Fascículo Ejemplar Price effective from Tipo de ítem Perdido Sistema de clasificación Dañado No prestable Tipo de ítem específico Suprimido Ubicación habitual Ubicación actual Localización Fecha de creación Forma de adquisición Costo Costo de reposición Proveedor
09/09/2019 72 21 344.01 B748g 100107270 06/06/2024 3a. Ed. Ej.1 03/02/2013 Libro   DEWEY     Libro   Bodega Bodega 3er piso 28/02/2010 Compra 54400.00    
16/11/2024 65 30 344.01 B748g 100127963 02/07/2026 4a. Ed. Ej.1 03/02/2013 Libro   DEWEY     Libro   Claustro Claustro 3er piso 28/02/2013 Compra 83000.00    
23/11/2024 36 12 344.01 B748g 100137680 02/07/2026 5a.Ed. Ej.1 31/10/2013 Libro   DEWEY     Libro   Claustro Claustro 3er piso 31/10/2013 Compra 99600.00 99600.00 1
23/03/2024 3 2 344.01 B748g 100158724 02/07/2026 6a.Ed. Ej.1 14/11/2018 Libro de reserva   DEWEY     Libro de reserva   Claustro Claustro 3er piso 14/11/2018 Compra 131750.00 131750.00 1